LEADER 01568cam1-2200409---450 001 990001975990203316 005 20240611141728.0 035 $a000197599 035 $aUSA01000197599 035 $a(ALEPH)000197599USA01 035 $a000197599 100 $a20040902g17871794km-y0itay5003----ba 101 0 $aita 102 $aIT 140 $ac y yyy 1010 200 1 $aStoria della letteratura italiana del cavaliere abate Girolamo Tiraboschi ... Tomo 1. [- 8. parte 2.] 205 $aSeconda edizione modenese riveduta corretta ed accresciuta dall'autore 210 $aIn Modena$cpresso la Società tipografica$d1787-1794 215 $a9 volumi in 16$d4° 300 $aL'indicazione di ed. precede il numero di volume 300 $aIl vol. 9 contiene l'Indice generale 306 $aMarca non controllata sui frontespizi 307 $aTestatine e iniziali xilografici 317 $aTimbro di Emilio Dina, via Mercanti 2, Torino sui frontespizi$5SA0186 : FA.IV.C. 48 1-9 349 $aPutto con fiaccola: Novissimus exit 620 $aItalia$dModena 700 1$aTIRABOSCHI,$bGirolamo$f<1731-1794>$0181075 712 02$aSocietà tipografica$c$c[editore] 801 0$aIT$bsalbc$gISBD 912 $a990001975990203316 951 $aFA.IV.C. 48/ (A 805/ )$bL.M.$cFA.IV. 959 $aA 969 $aANT 979 $aSIAV5$b10$c20040902$lUSA01$h1302 979 $aSIAV5$b10$c20040902$lUSA01$h1530 996 $aStoria della letteratura italiana del cavaliere abate Girolamo Tiraboschi ... Tomo 1.$94162889 997 $aUNISA LEADER 01922nam0 2200433 i 450 001 VAN0113694 005 20230705122739.270 017 70$2N$a9783319213774 100 $a20180117d2015 |0itac50 ba 101 $aeng 102 $aCH 105 $a|||| ||||| 200 1 $aIntroduction to insurance mathematics$etechnical and financial features of risk transfers$fAnnamaria Olivieri, Ermanno Pitacco 205 $a2. ed 210 $a[Cham]$cSpringer$d2015 215 $aXVIII, 508 p.$cill.$d24 cm 410 1$1001VAN0102538$12001 $aEAA series$1210 $aBerlin [etc.]$cSpringer 500 1$3VAN0235075$aIntroduction to insurance mathematics : technical and financial features of risk transfers$92440569 606 $a91B05$xRisk models (general) [MSC 2020]$3VANC019981$2MF 610 $aActuarial technique$9KW:K 610 $aLife insurance$9KW:K 610 $aNon-life insurance$9KW:K 610 $aPost-retirement income$9KW:K 610 $aPremiums calculation$9KW:K 610 $aReinsurance$9KW:K 610 $aReserves calculation$9KW:K 610 $aRisk management process$9KW:K 620 $aCH$dCham$3VANL001889 700 1$aOlivieri$bAnnamaria$3VANV087791$0116772 701 1$aPitacco$bErmanno$3VANV077878$068761 712 $aSpringer $3VANV108073$4650 801 $aIT$bSOL$c20240614$gRICA 856 4 $uhttp://dx.doi.org/10.1007/978-3-319-21377-4$zE-book ? Accesso al full-text attraverso riconoscimento IP di Ateneo, proxy e/o Shibboleth 899 $aBIBLIOTECA DEL DIPARTIMENTO DI MATEMATICA E FISICA$1IT-CE0120$2VAN08 912 $fN 912 $aVAN0113694 950 $aBIBLIOTECA DEL DIPARTIMENTO DI MATEMATICA E FISICA$d08CONS e-book 0261 $e08eMF261 20180117 996 $aIntroduction to insurance mathematics : technical and financial features of risk transfers$92440569 997 $aUNICAMPANIA